Visualizzazione normale
Vista MARC
- Chaloff Serge
di Personal Name
Records bibliografici associati: 1
001 - CONTROL NUMBER
- control field: 21612
003 - CONTROL NUMBER IDENTIFIER
- control field: IT-RoPau
005 - DATE AND TIME OF LATEST TRANSACTION
- control field: 20140422215228.0
008 - FIXED-LENGTH DATA ELEMENTS
- fixed length control field: 140422|| aca||aabn | a|a d
040 ## - CATALOGING SOURCE
- Original cataloging agency: IT-RoPau
- Transcribing agency: IT-RoPau
100 ## - HEADING--PERSONAL NAME
- Personal name: Chaloff Serge
- Dates associated with a name: Codice autore musica SPICS: 18839
- Relator term: Autore musica
- Name of part/section of a work: Susie's Blues
670 ## - SOURCE DATA FOUND
- Source citation: Work cat.: (IT-RoPau)100344: AA.VV. 794, Jazz. Gli uomini, gli strumenti, gli stili 54